[Event "AUTO-BEG-462"]
[Site "http://www.queenalice.com/game.php?id=898507"]
[Date "2011.2.10"]
[Round "1"]
[White "Newton"]
[Black "killermanic"]
[Result "1-0"]
[WhiteElo "1313"]
[BlackElo "1318"]

1. e4 Nc6 2. d4 d5 3. exd5 Qxd5 4. Nf3 Bf5 5. Nc3 Qd7 6. Bb5 a6 7. Ba4 e6 8. O-O
O-O-O 9. Ne5 Qd6 10. Bxc6 Qxd4 11. Qxd4 Rxd4 12. Bxb7+ Kxb7 13. Nxf7 Be4 14.
Nxe4 1-0

[Event "AUTO-BEG-462"]
[Site "http://www.queenalice.com/game.php?id=898508"]
[Date "2011.2.10"]
[Round "1"]
[White "killermanic"]
[Black "Newton"]
[Result "0-1"]
[WhiteElo "1336"]
[BlackElo "1295"]

1. e4 e5 2. Nf3 Nc6 3. Nc3 Nf6 4. Bc4 Nxe4 5. Nxe4 d5 6. Nc3 dxc4 7. d3 cxd3 8.
cxd3 Bb4 9. O-O Bg4 10. Qe1 Bxf3 11. gxf3 O-O 12. a3 Nd4 13. Qxe5 Nxf3+ 0-1

[Event "AUTO-BEG-462"]
[Site "http://www.queenalice.com/game.php?id=898525"]
[Date "2011.2.10"]
[Round "1"]
[White "killermanic"]
[Black "Ralfostarr"]
[Result "1-0"]
[WhiteElo "1320"]
[BlackElo "1308"]

1. e4 e5 2. Nf3 Qe7 3. Nc3 d6 4. Bc4 h5 5. d3 g5 6. Bxg5 f6 7. Bh4 Qg7 8. g3 f5
9. Qe2 Nh6 10. O-O-O Nc6 11. d4 Nxd4 12. Nxd4 exd4 13. Qxh5+ Nf7 14. Qxf7+ Qxf7
15. Bxf7+ Kxf7 16. Rxd4 Bh6+ 17. f4 Be6 18. Re1 c5 19. Rxd6 Bf8 20. Rd8 Rxd8 21.
Bxd8 Bg7 22. Bh4 b5 23. exf5 Bxf5 24. Re7+ Kg6 25. Rxa7 b4 26. Ra6+ Kf7 27. Nd5
Bd4 28. Ra7+ Ke6 29. Ne7 Bg4 30. Kd2 Re8 31. c3 bxc3+ 32. bxc3 Bg1 33. Ra6+ Kf7
34. a4 Rd8+ 35. Kc2 Bd1+ 36. Kc1 Be3+ 37. Kb1 Rb8+ 38. Ka2 Rb3 39. Nf5 Bg1 40.
Bf6 Bxh2 41. Ne3 Be2 42. Ra7+ Kg6 43. Kxb3 Kxf6 44. Nd5+ Kf5 45. Ra5 c4+ 46. Kb4
Bxg3 47. Ne3+ Kxf4 48. Nxc4 Ke4 49. Nb6 Kd3 50. Nd5 Kc2 51. Rc5 Bd6 52. a5 Bxc5+
53. Kxc5 Bf3 54. a6 Bxd5 55. Kxd5 Kxc3 56. a7 Kc2 57. a8=Q Kc3 58. Qc6+ Kd3 59.
Qc4+ Kd2 60. Ke4 Kd1 61. Ke3 Ke1 62. Qe2# 1-0

[Event "AUTO-BEG-462"]
[Site "http://www.queenalice.com/game.php?id=898526"]
[Date "2011.2.10"]
[Round "1"]
[White "Ralfostarr"]
[Black "killermanic"]
[Result "0-1"]
[WhiteElo "1310"]
[BlackElo "1304"]

1. e4 Nc6 2. d4 d5 3. exd5 Qxd5 4. c4 Qa5+ 5. Bd2 Qf5 6. h3 Nf6 7. Be2 e6 8. g4
Qe4 9. f3 Qxd4 10. Bc3 Qxd1+ 11. Bxd1 Bd7 12. h4 h6 13. Bxf6 gxf6 14. Rh2 O-O-O
15. Nc3 Ne5 16. Bb3 Bc6 17. Ne4 Nxf3+ 18. Nxf3 Bxe4 19. Nd2 Bb4 20. Rd1 Bf3 21.
Rf2 Bxd1 22. Kxd1 Bxd2 23. Rxd2 Rxd2+ 24. Kxd2 Kd7 25. Ba4+ Kd6 26. Kd3 Ke5 27.
b4 Kf4 28. Bd1 Rd8+ 29. Kc2 Rxd1 30. Kxd1 Kxg4 31. Kd2 Kxh4 32. a4 Kg4 33. Kd3
h5 34. c5 h4 35. b5 h3 36. a5 h2 37. b6 axb6 38. cxb6 cxb6 39. axb6 h1=Q 40. Kd4
Qd5+ 41. Kc3 e5 0-1

[Event "AUTO-BEG-462"]
[Site "http://www.queenalice.com/game.php?id=898528"]
[Date "2011.2.10"]
[Round "1"]
[White "Gaberade"]
[Black "killermanic"]
[Result "0-1"]
[WhiteElo "1010"]
[BlackElo "1300"]

1. b3 e5 2. g4 d5 3. Bb2 Nc6 4. Bg2 Nf6 5. Nf3 Bxg4 6. Nxe5 Nxe5 7. Bxe5 Bd6 8.
Bxf6 Qxf6 9. Nc3 Bc5 10. Nxd5 Qxf2# 0-1

[Event "AUTO-INT-1957"]
[Site "http://www.queenalice.com/game.php?id=901749"]
[Date "2011.2.17"]
[Round "1"]
[White "killermanic"]
[Black "rusoma"]
[Result "0-1"]
[WhiteElo "1321"]
[BlackElo "1671"]

1. e4 e5 2. Nf3 d6 3. Bc4 Bg4 4. h3 Bh5 5. g4 Bg6 6. Nc3 h6 7. d4 Ne7 8. dxe5
Nbc6 9. exd6 cxd6 10. Bf4 Qb6 11. Qxd6 Qxb2 12. Rd1 Qxc3+ 13. Rd2 Rd8 14. Qc7
Qxf3 15. Rxd8+ Nxd8 0-1

[Event "AUTO-INT-1957"]
[Site "http://www.queenalice.com/game.php?id=901750"]
[Date "2011.2.17"]
[Round "1"]
[White "rusoma"]
[Black "killermanic"]
[Result "1-0"]
[WhiteElo "1730"]
[BlackElo "1356"]

1. e4 e5 2. Nf3 Nc6 3. Bc4 Nf6 4. Ng5 d5 5. exd5 Nxd5 6. d3 f6 7. Ne4 Bf5 8. O-O
Be7 9. Nbc3 Nxc3 10. Nxc3 Qd6 11. Nb5 Qd7 12. f4 Bc5+ 13. Kh1 Na5 14. fxe5 fxe5
15. Bg5 Rf8 16. Qf3 c6 17. Nc3 h6 18. Bh4 g5 19. Bg3 Nxc4 20. dxc4 O-O-O 21.
Bxe5 Bd3 22. Qxd3 Qxd3 23. cxd3 Rxf1+ 24. Rxf1 Rxd3 25. a3 a5 26. h3 Re3 27. Bg7
Re6 28. Na4 Bd6 29. c5 Be5 30. Nb6+ Kb8 31. Rf8+ 1-0

[Event "AUTO-INT-1957"]
[Site "http://www.queenalice.com/game.php?id=901751"]
[Date "2011.2.17"]
[Round "1"]
[White "killermanic"]
[Black "drglaucoprado"]
[Result "1-0"]
[WhiteElo "1329"]
[BlackElo "1602"]

1. e4 e5 2. Nf3 Nc6 3. Bc4 Bc5 4. d3 h6 5. Be3 Bxe3 6. fxe3 g5 7. Nc3 d6 8. d4
exd4 9. exd4 g4 10. O-O gxf3 11. Rxf3 Bg4 12. Qf1 Bxf3 13. Qxf3 Qf6 14. Qh5 Nxd4
15. Rf1 Qg6 16. Bxf7+ Qxf7 17. Qxf7+ Kd8 18. Qf8+ Kd7 19. Qxa8 Nxc2 20. Qxb7 a5
21. Rf7+ Ke6 22. Qd5# 1-0

[Event "AUTO-INT-1957"]
[Site "http://www.queenalice.com/game.php?id=901752"]
[Date "2011.2.17"]
[Round "1"]
[White "drglaucoprado"]
[Black "killermanic"]
[Result "1-0"]
[WhiteElo "1618"]
[BlackElo "1334"]

1. d4 Nf6 2. b3 d5 3. Bb2 Bf5 4. e3 Nc6 5. Bb5 a6 6. Bxc6+ bxc6 7. Nc3 e6 8. h3
Bb4 9. a3 Bxc3+ 10. Bxc3 Ne4 11. Bb2 O-O 12. Nf3 Qf6 13. g4 Bg6 14. O-O c5 15.
Ne5 Bh5 16. gxh5 1-0

[Event "AUTO-INT-1957"]
[Site "http://www.queenalice.com/game.php?id=901753"]
[Date "2011.2.17"]
[Round "1"]
[White "killermanic"]
[Black "FranzMeM"]
[Result "1-0"]
[WhiteElo "1302"]
[BlackElo "1566"]

1. e4 e5 2. Nf3 Qf6 3. Nc3 c6 4. Bc4 Bc5 5. O-O h6 6. d3 a6 7. Be3 Bxe3 8. fxe3
b5 9. d4 bxc4 10. dxe5 Qe6 11. Nh4 Qxe5 12. Qf3 d6 13. Qxf7+ Kd8 14. Qf8+ Qe8
15. Qxd6+ 1-0

[Event "AUTO-INT-1957"]
[Site "http://www.queenalice.com/game.php?id=901754"]
[Date "2011.2.17"]
[Round "1"]
[White "FranzMeM"]
[Black "killermanic"]
[Result "1-0"]
[WhiteElo "1539"]
[BlackElo "1329"]

1. e4 Nc6 2. d4 e5 3. Nf3 d6 4. h3 Be6 5. dxe5 Nxe5 6. Nxe5 dxe5 7. Qxd8+ Rxd8
8. c3 Nf6 9. f3 Bc5 10. a3 Rd6 11. b4 Bb6 12. Be2 O-O 13. g4 g5 14. Bxg5 1-0

[Event "AUTO-BEG-465"]
[Site "http://www.queenalice.com/game.php?id=902205"]
[Date "2011.2.18"]
[Round "1"]
[White "moira"]
[Black "killermanic"]
[Result "0-1"]
[WhiteElo "1061"]
[BlackElo "1375"]

1. e4 c5 2. d3 Nc6 3. Nc3 Qa5 4. Bd2 Nb4 5. Nd5 e6 6. Nf4 c4 7. dxc4 Nxc2+ 8.
Ke2 Nd4+ 9. Ke3 Qc5 10. Ngh3 Nc2+ 11. Kf3 Nxa1 12. Qxa1 Nf6 13. Qe1 Be7 14. Be3
Qc6 15. Bd3 d5 16. cxd5 exd5 17. exd5 Nxd5 18. Nxd5 Qxd5+ 19. Ke2 Bd7 20. Rg1
Bb5 21. Nf4 Qd7 22. a4 Bxd3+ 23. Nxd3 O-O 24. Qc3 Rac8 25. Bc5 Qe6+ 26. Kd2 Rfe8
27. Re1 Qh6+ 28. Kc2 Qc6 29. g4 Qxa4+ 30. Kd2 Qd7 31. Bxa7 Rxc3 32. bxc3 Bg5+
33. Kc2 Rxe1 34. Nxe1 Qa4+ 35. Kd3 Qxa7 36. Nf3 Bh6 37. g5 Qxf2 38. gxh6 Qxf3+
39. Kc4 Qc6+ 40. Kd3 Qxh6 41. Kc4 Qxh2 42. Kb5 Qc7 43. c4 f5 44. c5 f4 45. c6
Qxc6+ 0-1

[Event "AUTO-BEG-465"]
[Site "http://www.queenalice.com/game.php?id=902206"]
[Date "2011.2.18"]
[Round "1"]
[White "killermanic"]
[Black "moira"]
[Result "1-0"]
[WhiteElo "1371"]
[BlackElo "1068"]

1. e4 e5 2. Nf3 d6 3. Bc4 Nc6 4. Nc3 Nf6 5. d3 Bg4 6. h3 Bh5 7. Be3 Be7 8. Qd2
O-O 9. d4 Bg6 10. Qd3 Nb4 11. Qd2 Bxe4 12. Nxe4 d5 13. Nxf6+ Bxf6 14. Bb3 b6 15.
Qxb4 e4 16. Ne5 a5 17. Qb5 Bg5 18. Bxd5 Bxe3 19. fxe3 Qg5 20. Nxf7 Qxd5 21. Qxd5
Rxf7 22. Qxa8+ Rf8 23. Qxf8+ Kxf8 24. O-O+ Kg8 25. Rf2 h5 26. Raf1 c5 27. d5 b5
28. d6 a4 29. d7 b4 30. d8=Q+ Kh7 31. Qf8 a3 32. Rf7 axb2 33. Qxg7# 1-0

[Event "AUTO-BEG-465"]
[Site "http://www.queenalice.com/game.php?id=902219"]
[Date "2011.2.18"]
[Round "1"]
[White "killermanic"]
[Black "castropereira"]
[Result "1-0"]
[WhiteElo "1319"]
[BlackElo "1130"]

1. e4 c6 2. Nc3 d5 3. Nf3 dxe4 4. Nxe4 b6 5. d4 c5 6. Bb5+ Bd7 7. Bxd7+ Qxd7 8.
O-O cxd4 9. Qxd4 Qxd4 10. Nxd4 Na6 11. Nc6 Kd7 12. Ne5+ Ke6 13. Nf3 Rc8 14. c3
Nc5 15. Re1 a5 16. Nxc5+ Kf6 17. Ne4+ Kg6 18. g4 f5 19. Nh4+ Kf7 20. Nxf5 g6 21.
Nfg3 Rc4 22. Be3 b5 23. a3 b4 24. axb4 axb4 25. cxb4 Rxb4 26. Ng5+ Kg7 27. Ne6+
Kf7 28. Ng5+ Ke8 29. N3e4 Rxb2 30. Ra8+ Kd7 31. Bd4 e6 32. Bxb2 h6 33. Nf3 Rh7
34. Ra7+ Ke8 35. Rxh7 e5 36. Bxe5 Bb4 37. Bc3 Ba3 38. Nf6+ Kd8 39. Nxg8 Kc8 40.
Re8# 1-0

[Event "AUTO-BEG-465"]
[Site "http://www.queenalice.com/game.php?id=902220"]
[Date "2011.2.18"]
[Round "1"]
[White "castropereira"]
[Black "killermanic"]
[Result "0-1"]
[WhiteElo "1112"]
[BlackElo "1327"]

1. e4 Nc6 2. a4 e5 3. a5 Nf6 4. f3 Bc5 5. Ra4 d5 6. exd5 Qxd5 7. Be2 Bd7 8. Bc4
Qd6 9. g3 Be6 10. a6 b6 11. h4 Bxc4 12. Rxc4 Qd5 13. Rxc5 Qxc5 14. f4 Qd5 15.
Nf3 exf4 16. Qe2+ Qe4 17. Qxe4+ Nxe4 18. gxf4 O-O-O 19. Na3 Rhe8 20. Rg1 Nxd2+
21. Kd1 Nxf3+ 22. Bd2 Nxg1 23. Kc1 Nf3 24. Bc3 g6 25. Nb5 Na5 26. Nxa7+ Kb8 27.
Nb5 Rd5 28. Na3 Ka7 29. b4 Kxa6 30. bxa5 bxa5 31. Kb2 Nxh4 32. Kb3 Nf5 33. Ka4
Re4+ 34. Kb3 Nd6 35. Bb2 f5 36. Bg7 Nb5 37. Nxb5 Kxb5 38. Kb2 Rxf4 39. Bf8 h5
40. Be7 Re4 41. Bd8 f4 42. Bxc7 f3 43. Bg3 g5 44. Kb3 h4 45. c4+ Kc5 46. Be1
Rd3+ 47. Kc2 Kxc4 48. Bxa5 f2 49. Kc1 f1=Q+ 50. Kb2 Re2+ 51. Bd2 Rexd2# 0-1

[Event "AUTO-BEG-465"]
[Site "http://www.queenalice.com/game.php?id=902221"]
[Date "2011.2.18"]
[Round "1"]
[White "killermanic"]
[Black "betanio"]
[Result "0-1"]
[WhiteElo "1321"]
[BlackElo "1203"]

1. e4 c5 2. Bc4 e6 3. Nc3 a6 4. a4 Nf6 5. d3 Be7 6. Be3 d5 7. exd5 exd5 8. Nxd5
Nxd5 9. Bxd5 Qxd5 10. Nf3 O-O 11. d4 Nc6 12. dxc5 Qxd1+ 13. Rxd1 Bg4 14. Rd2
Bxf3 15. gxf3 Rfe8 16. O-O Rac8 0-1

[Event "AUTO-BEG-465"]
[Site "http://www.queenalice.com/game.php?id=902222"]
[Date "2011.2.18"]
[Round "1"]
[White "betanio"]
[Black "killermanic"]
[Result "0-1"]
[WhiteElo "1390"]
[BlackElo "1354"]

1. d4 Nc6 2. g3 d5 3. Bg2 Nf6 4. e3 Bf5 5. f3 h5 6. Bh3 Bxh3 7. Nxh3 e5 8. b3
Qd7 9. Bb2 Bd6 10. Nf2 O-O-O 11. c4 Bb4+ 12. Nd2 Rhe8 13. O-O exd4 14. exd4 dxc4
15. Nxc4 Nxd4 16. Bxd4 Qxd4 17. Qc2 g6 18. Rad1 Qc3 19. Rxd8+ Rxd8 20. Qxc3 Bxc3
21. Rd1 Re8 22. Kf1 c6 23. Nd3 Nd5 24. Nd6+ Kd7 25. Nxe8 Kxe8 26. Rc1 Ke7 27. f4
Bg7 28. Re1+ Kd6 29. Ne5 Bxe5 30. Rxe5 f6 31. Re2 Kc5 32. a3 Kd4 33. b4 Kc3 34.
Rf2 Ne3+ 35. Kg1 Ng4 36. Rf3+ Kd2 37. h3 Ne3 38. Rf2+ Kd3 39. Rb2 Nd5 40. Kf2
Kc3 41. Ra2 Kb3 42. Re2 Kxa3 0-1

[Event "AUTO-BEG-465"]
[Site "http://www.queenalice.com/game.php?id=929447"]
[Date "2011.4.23"]
[Round "2"]
[White "killermanic"]
[Black "betanio"]
[Result "0-1"]
[WhiteElo "1488"]
[BlackElo "2205"]

1. e4 c5 2. c4 Nc6 3. Nf3 e6 4. Nc3 Nf6 5. d4 cxd4 6. Nxd4 Bc5 7. Nxc6 dxc6 8.
Qxd8+ Kxd8 9. Be3 Bxe3 10. fxe3 Ke7 11. c5 Nd7 12. Na4 b5 13. cxb6 axb6 14. Nc3
b5 15. a3 b4 16. Nb1 Nc5 17. Nd2 Rd8 18. g3 Rxd2 19. Kxd2 Nb3+ 0-1

[Event "AUTO-BEG-465"]
[Site "http://www.queenalice.com/game.php?id=929448"]
[Date "2011.4.23"]
[Round "2"]
[White "betanio"]
[Black "killermanic"]
[Result "1-0"]
[WhiteElo "2206"]
[BlackElo "1486"]

1. e4 Nc6 2. Nf3 e5 3. Bc4 Nf6 4. Nc3 d6 5. O-O Be6 6. Bxe6 fxe6 7. h3 d5 8.
exd5 exd5 9. Nxe5 Nxe5 10. Re1 Bd6 11. d4 Qe7 12. dxe5 Bxe5 13. f4 O-O 14. fxe5
Qc5+ 15. Be3 Qc6 16. exf6 Rxf6 17. Qxd5+ Qxd5 18. Nxd5 Rf7 19. Bf2 c6 20. Ne7+
Kf8 21. Bd4 Re8 22. Bc5 1-0